000 00202nam a2200109Ia 4500
100 _aWALTER LWRIE
942 _cBK
245 _aSOREN KIERKE GAORD
260 _b#N/A
546 _aENGLISH
999 _c25714
_d25714